Membina rumahtangga bahagia / (Record no. 720)
[ view plain ]
| 000 -LEADER | |
|---|---|
| fixed length control field | nam a22 a 4500 |
| 003 - CONTROL NUMBER IDENTIFIER | |
| control field | AKMAL |
| 005 - DATE AND TIME OF LATEST TRANSACTION | |
| control field | 20170505084317.0 |
| 008 - FIXED-LENGTH DATA ELEMENTS--GENERAL INFORMATION | |
| fixed length control field | 170505s1994 my 00 may d |
| 020 ## - INTERNATIONAL STANDARD BOOK NUMBER | |
| International Standard Book Number | 9839601768 (kkt.): |
| Terms of availability | RM 6.00 |
| 040 ## - CATALOGING SOURCE | |
| Original cataloging agency | AKMAL |
| 082 04 - DEWEY DECIMAL CLASSIFICATION NUMBER | |
| Classification number | 297.07 USM |
| 090 ## - LOCALLY ASSIGNED LC-TYPE CALL NUMBER (OCLC); LOCAL CALL NUMBER (RLIN) | |
| Classification number (OCLC) (R) ; Classification number, CALL (RLIN) (NR) | 297.07 |
| Local cutter number (OCLC) ; Book number/undivided call number, CALL (RLIN) | USM |
| 100 1# - MAIN ENTRY--PERSONAL NAME | |
| Personal name | Ghazzali, |
| Dates associated with a name | 1058-1111 |
| 9 (RLIN) | 1520 |
| 245 10 - TITLE STATEMENT | |
| Title | Membina rumahtangga bahagia / |
| Statement of responsibility, etc. | Iman Al-Ghazali ; pentahqiq M. Usman Al-Khusti, penterjemah Drs. Syahrin Nasution |
| 260 ## - PUBLICATION, DISTRIBUTION, ETC. | |
| Place of publication, distribution, etc. | Kuala Lumpur : |
| Name of publisher, distributor, etc. | Dinie Publisher, |
| Date of publication, distribution, etc. | 1994 |
| 300 ## - PHYSICAL DESCRIPTION | |
| Extent | vii, 131ms. ; |
| Dimensions | 21cm |
| 500 ## - GENERAL NOTE | |
| General note | Mengandungi ayat-ayat dari al-Quran |
| 521 ## - TARGET AUDIENCE NOTE | |
| Target audience note | Peringkat pembaca: Dewasa |
| 650 ## - SUBJECT ADDED ENTRY--TOPICAL TERM | |
| Topical term or geographic name entry element | Families |
| General subdivision | Religious aspects |
| -- | Islam |
| 9 (RLIN) | 1546 |
| 650 ## - SUBJECT ADDED ENTRY--TOPICAL TERM | |
| Topical term or geographic name entry element | Marriage |
| General subdivision | Islam |
| 9 (RLIN) | 1547 |
| 700 1# - ADDED ENTRY--PERSONAL NAME | |
| Personal name | Al-Khusti, Muhammad Usman |
| 9 (RLIN) | 1548 |
| 700 1# - ADDED ENTRY--PERSONAL NAME | |
| Personal name | Nasution, Syahrin |
| 9 (RLIN) | 1549 |
| 942 ## - ADDED ENTRY ELEMENTS (KOHA) | |
| Source of classification or shelving scheme | |
| Koha item type | Book |
| Withdrawn status | Lost status | Source of classification or shelving scheme | Damaged status | Not for loan | Collection code | Home library | Current library | Shelving location | Date acquired | Inventory number | Total Checkouts | Full call number | Barcode | Date last seen | Price effective from | Koha item type |
|---|---|---|---|---|---|---|---|---|---|---|---|---|---|---|---|---|
| NON-FICTION | AKMAL Melaka | AKMAL Melaka | PINJAMAN | 05.05.2017 | 200211 | 297.07 USM | 201701740 | 05.05.2017 | 05.05.2017 | Book |
